|
|
|
|
| LEADER |
00000ntmaa2200000 a 4500 |
| 001 |
vtls011565035 |
| 003 |
SK-MaSNL |
| 005 |
20260301135419.0 |
| 008 |
230802i1916 xo || 000ns hun |
| 035 |
|
|
|a urn:nbn:sk:snk-tm3n2hm
|
| 035 |
|
|
|a urn:nbn:sk:snk-tm00cdw3
|
| 035 |
|
|
|a 7DECA31F-02F0-45BB-BF88-948E00C962EF
|
| 035 |
|
|
|a urn:nbn:sk:snk-tm00celn
|
| 035 |
|
|
|a 8581ED82-5255-4CDB-8223-2944F6A35DF8
|
| 040 |
|
|
|a SNKLA
|b slo
|c SNKLA
|e AACR2
|
| 041 |
0 |
|
|a hun
|
| 044 |
|
|
|a xo
|c SK
|
| 072 |
|
7 |
|a 27-78
|x Kresťanské združenia, spolky a organizácie. Rehoľné rády
|2 konspekt
|
| 080 |
|
|
|a 82-5
|2 2011
|
| 080 |
|
|
|a 025.171
|2 2011
|
| 080 |
|
|
|a 27-584
|2 2011
|
| 245 |
0 |
3 |
|a [A női Mária kongregáció]
|
| 260 |
|
|
|a [Nové Zámky]
|c 1916-1936
|
| 300 |
|
|
|a 1464 strán v rôznom stránkovaní
|b rukopis
|c 24 cm
|
| 520 |
2 |
|
|a 210 príhovorov - kázní prednesených v ženskej Mariánskej kongregácii v Nových Zámkoch a štyri duchovné cvičenia
|
| 555 |
0 |
|
|a Inventár rukopisov Archívu literatúry a umenia Matice slovenskej. Rukopisy historických knižníc na Slovensku I. Martin : Matica slovenská 1992
|
| 610 |
2 |
7 |
|a Františkáni (Nové Zámky, Slovensko)
|b Mariánska provincia
|2 SNKLA
|9 348930
|
| 655 |
|
7 |
|a kázne
|2 SNKPH
|9 70516
|
| 655 |
|
7 |
|a rukopisy
|2 SNKPH
|9 70548
|
| 655 |
|
7 |
|a duchovné cvičenia
|2 SNKPH
|9 344657
|
| 852 |
|
|
|a Slovenská národná knižnica
|b Literárny archív
|
| 958 |
|
|
|a BLA
|
| 999 |
|
|
|c 760112
|d 762042
|
| 952 |
|
|
|a SNKLA
|b SNKLA
|c SNKLA_DEP
|y NEVYP
|7 0
|p 17A1191342
|o snkRHKS 800
|0 0
|1 0
|4 0
|d 2016-07-06
|f 1
|l 0
|r 2026-02-24 00:01:51
|w 2026-02-24
|